Sports Quiz

Random Sports or Baseball Quiz

MLB Stadium Food Quiz Stats

 Plays Quiz not verified by Sporcle

Challenge
Share
Tweet
Embed
Score 0/48 Timer 10:00
0 Plays Today
% Correct
Hotdogs
93.8%
Dodger Dog
84.4%
Nathan's Kosher Hotdog
81.9%
Friar Frank
81.5%
Soda
77.9%
Beer
70.8%
Hamburgers
69.8%
Nachos
63.3%
Pizza
59.4%
Peanuts
58.8%
Ice Cream
57.4%
Popcorn
56.6%
Cheese Steak
53.5%
Pretzels
53.2%
Fries
51.5%
Chicken Fingers
46.9%
Crackerjack
46.1%
Cotton Candy
43.4%
Water
42.3%
Sausages
36.6%
Candy
35.8%
Skyline Coney
35.2%
Bratwursts
31.2%
Shrimp Tacos
31%
% Correct
Ichiroll
29.6%
Sub, gyro, hero, hoagie
29.2%
Mahi Mahi
28.1%
Crab Cakes
23.6%
Ribs
22.2%
Ball Tip BBQ
21.1%
Tony Luke's Pork and Provolone
19.6%
Corndogs
19.6%
Fairfax Deli Sandwich
16%
Wrigley's Gum
15.6%
Gilroy Garlic Fries
14.8%
Knish
14.8%
Cuban Sandwich
12.2%
Rocky Mountain Oysters (NOT oysters!)
11.7%
Toasted Ravioli
10.6%
Churros
10.3%
Salmon
10.2%
Frozen Custard
9.6%
Brisket Sandwich
7.4%
Asian
6.9%
Fajitas
5.1%
Sea Dog (cod hotdog)
4.8%
Bratzel
3.5%
Kettle Korn
2.9%

You're not logged in!

Compare scores with friends on all Sporcle quizzes.
OR
Log In

You Might Also Like...

Show Comments

Extras

Top Quizzes Today


Score Distribution

Your Account Isn't Verified!

In order to create a playlist on Sporcle, you need to verify the email address you used during registration. Go to your Sporcle Settings to finish the process.

Report this User

Report this user for behavior that violates our Community Guidelines.

Details: